000 01407nam a2200205 a 4500
008 011117t2013 ck a|||g |||| 000 1 spa d
020 _a9789588727752
041 _aspa
092 _c808
_l28
_sGAR
100 1 _aGarcía Márquez, Aida
_94138
245 _aGabito, el niño que soñó a Macondo /
_cAida García Márquez
250 _a1a ed.
260 _aColombia:
_bGrupo Z;
_c2013.
300 _a159 p.
500 _aGarcía Márquez, A. (2013). Gabito, el niño que soñó a Macondo. (1a ed.). Colombia : Grupo Z.
520 _aLa infancia es una patria, dijo un poeta. Gabito el niño que soño a Macondo , es un maravilloso recorrido por la niñez del Nobel colombiano en Aracara. Su hermana Aida Rosa, es una prosa sobria y entrañable, nos introduce en el mundo donde se creò Macondo. El lector encontrarà las claves para saber la procedencia de Remedios la Bella, del coronel Aureliano Buendìa y otros personajes que sirvieron de inspiraciòn para esa gran novela de todos los tiempos: Cien años de soledad. Existen muchos libros sobre Garcìa Marquez, pero ninguno que nos acerque con tanta veracidad y pasiòn al niñp que fue mago, director de teatro, guionista de pelìculas, dibujante, cantante de boleros y luego al escritor que fabulò nuestras raìces como ningùn otro.
590 _aDonación. Proyecto Literatura 4to libro
655 _aLiteratura
_92917
942 _2ddc
_cLIT
999 _c3102
_d3102